000 00454nam a2200205Ia 4500
001 12399
003 GE_BSU
008 181216s||||||||xx |||||||||||||| ||und||
020 _a9780306819292
040 _cGE_BSU
080 _a821.111-32
100 _aHelling,Steve.
245 _aTiger:The Real Story.
260 _aLondon.
260 _bDa Capo Press.
260 _c2010
300 _a242p;24cm.
653 _aTiger:The Real Story.
942 _cBK
999 _c45573
_d45573